Central Library OPAC University of Rajshahi

Insurance principles and practices / (Record no. 49759)

MARC details
000 -LEADER
fixed length control field 00749cam a22002531a 4500
001 - CONTROL NUMBER
control field 49759
003 - CONTROL NUMBER IDENTIFIER
rucl marc code BD-RjUL
005 - DATE AND TIME OF LATEST TRANSACTION
control field 20211209054726.0
008 - FIXED-LENGTH DATA ELEMENTS--GENERAL INFORMATION
fixed length control field 760422s1966 njua 001 0 eng
035 ## - SYSTEM CONTROL NUMBER
System control number (BD-RjUL)49879
040 ## - CATALOGING SOURCE
Original cataloging agency DLC
Transcribing agency DLC
Modifying agency DLC
-- BD-RjUL
Language of cataloging eng
041 ## - LANGUAGE CODE
Language code of text/sound track or separate title eng
082 00 - DEWEY DECIMAL CLASSIFICATION NUMBER
Classification number 368
Edition number 23
Author mark and year RII 1966
100 1# - MAIN ENTRY--PERSONAL NAME
Personal name Riegel, Robert
Dates associated with a name 1890-
9 (RLIN) 149171
245 10 - TITLE STATEMENT
Title Insurance principles and practices /
Statement of responsibility, etc. Robert Riegel and Jerome S. Miller
250 ## - EDITION STATEMENT
Edition statement 5th ed.
260 ## - PUBLICATION, DISTRIBUTION, ETC. (IMPRINT)
Place of publication, distribution, etc. Englewood Cliffs, N.J. :
Name of publisher, distributor, etc. Prentice-Hall
Date of publication, distribution, etc. 1966
300 ## - PHYSICAL DESCRIPTION
Pagination xvii, 867 p. :
Illustrations ill.
Size 24 cm.
500 ## - GENERAL NOTE
General note Includes index
650 #0 - SUBJECT ADDED ENTRY--TOPICAL TERM
Topical term or geographic name as entry element Insurance
9 (RLIN) 149172
700 1# - ADDED ENTRY--PERSONAL NAME
Personal name Miller, Jerome S.
Relator term joint author.
942 ## - ADDED ENTRY ELEMENTS (KOHA)
Source of classification or shelving scheme Dewey Decimal Classification
Koha item type Books
Holdings
Lost status Source of classification or shelving scheme Damaged status Not for loan Collection code Permanent Location Current Location Shelving location Date acquired Source of acquisition Cost, normal purchase price Total Checkouts Full call number Date last seen Copy number Koha item type
  Dewey Decimal Classification     Non-fiction Central Library, University of Rajshahi Central Library, University of Rajshahi   19/07/1971 Zeitlinger 96.00   368 RII 1966 22/08/2016 C-2 Books
  Dewey Decimal Classification     Non-fiction Central Library, University of Rajshahi Central Library, University of Rajshahi   19/07/1971 Zeitlinger 96.00   368 RII 1966 22/08/2016 C-3 Books
  Dewey Decimal Classification     Non-fiction Central Library, University of Rajshahi Central Library, University of Rajshahi   19/07/1971 Zeitlinger 96.00   368 RII 1966 22/08/2016 C-4 Books
  Dewey Decimal Classification     Non-fiction Central Library, University of Rajshahi Central Library, University of Rajshahi   19/07/1971 Zeitlinger 96.00   368 RII 1966 22/08/2016 C-5 Books
  Dewey Decimal Classification     Non-fiction Central Library, University of Rajshahi Central Library, University of Rajshahi   19/07/1971 Zeitlinger 96.00   368 RII 1966 22/08/2016 C-6 Books
  Dewey Decimal Classification     Non-fiction Central Library, University of Rajshahi Central Library, University of Rajshahi   19/07/1971 Zeitlinger 96.00   368 RII 1966 22/08/2016 C-7 Books
  Dewey Decimal Classification     Non-fiction Central Library, University of Rajshahi Central Library, University of Rajshahi   19/07/1971 Zeitlinger 96.00   368 RII 1966 22/08/2016 C-8 Books
  Dewey Decimal Classification     Non-fiction Central Library, University of Rajshahi Central Library, University of Rajshahi   19/07/1971 Zeitlinger 96.00   368 RII 1966 22/08/2016 C-9 Books
  Dewey Decimal Classification     Non-fiction Central Library, University of Rajshahi Central Library, University of Rajshahi   19/07/1971 Zeitlinger 96.00   368 RII 1966 22/08/2016 C-10 Books
  Dewey Decimal Classification   Not For Loan Non-fiction Central Library, University of Rajshahi Central Library, University of Rajshahi Reading Room 19/07/1971 Zeitlinger 96.00   368 RII 1966 22/08/2016 C-1 Books
  Dewey Decimal Classification     Non-fiction Central Library, University of Rajshahi Central Library, University of Rajshahi General Stacks 08/06/1977 W.U.S     368 RII 1966 24/09/2023 C-11 Books